Los fichajes más caros del fútbol - Laterales derechos - 2016-2017 - Estadísticas

Estadísticas generales
  • Esta prueba ha sido intentada 9 veces
  • La puntuación promedio es 4 de 12
Estadísticas de respuestas
Coste (M €) Nacionalidad Último club Nuevo club Jugador % Correcto
15,00 Francia LOSC Lille Mónaco Djibril Sidibé
75%
6,00 Bélgica Club Brujas PSG Thomas Meunier
75%
14,00 Croacia Sassuolo Atlético Madrid Sime Vrsaljko
63%
4,00 Chile Juventus Cagliari Calcio Mauricio Isla
38%
6,00 México Watford Oporto Miguel Layún
38%
4,00 España Sevilla FC FC Schalke 04 Coke
25%
8,90 Países Bajos Newcastle United Watford Daryl Janmaat
25%
8,28 China Liaoning FC Beijing Guoan Taiyan Jin
25%
4,70 Camerún Watford West Bromwich Allan Nyom
13%
5,90 Estados Unidos Tottenham Newcastle United DeAndre Yedlin
13%
10,95 China SD Luneng Hebei China Fortune Mingjian Zhao
13%
4,00 Suiza / Austria Grasshoppers Rubin Kazan Moritz Bauer
13%
No se encontraron pruebas coincidentes
Distribución de puntuación
Porcentaje de gente con cada puntuación
Porcentaje por número respondido
Historial de tus puntuaciones
No has intentado esta prueba.